| 000 | 00827nas a2200289 4500 | ||
|---|---|---|---|
| 001 | BR0300442 | ||
| 003 | BR-BrBNA | ||
| 005 | 20231205103528.0 | ||
| 007 | ta | ||
| 008 | 230509b bl.|||p| |||| 00| 00por d | ||
| 040 |
_aBR-BrBNA _bpor _cBiblioteca Nacional de Agricultura |
||
| 041 | _a(Pt) | ||
| 072 | _aL70; L40 | ||
| 100 | 1 | _aPinto, A.C.B. de C.F. | |
| 100 | 1 | _aIwasaki, M. | |
| 245 | 1 | _aMétodos radiográficos de avaliação cardíaca em cães | |
| 650 | _aCÃO | ||
| 650 | _aANATOMIA ANIMAL | ||
| 650 | _aAPARELHO CIRCULATÓRIO | ||
| 650 | _aCORAÇÃO | ||
| 650 | _aDIAGNÓSTICO | ||
| 650 | _aRADIOGRAFIA | ||
| 650 | _aVETERINÁRIA | ||
| 773 | 0 |
_tVeterinária Notícias (Brazil) _xISSN 0104-3463 _g(2002), v. 8(1) p. 67-75 _wBR0300442 |
|
| 909 |
_a202311 _bLúcia _c55 _dLúcia Elande |
||
| 942 |
_2AGRIS _n0 _cANA |
||
| 999 |
_c173347 _d173347 |
||